000 00238nam a22000857a 4500
008 160629b xxu||||| |||| 00| 0 eng d
100 _91399
_aKohli, B.J., et al
245 _aNumerical Examples in Physics - XII
260 _aNEW DELHI
_bARYA
_c1999
999 _c1157
_d1157